000 00309nam a22001457a 4500
008 210311b ||||| |||| 00| 0 eng d
020 _a2841141173172
041 _aeng
080 _a7
082 _a7
100 _a44
101 _aART
245 _aPainting the Human Figure
_cSoyer, M
942 _2udc
_cBK
999 _c56335
_d56335